University Home | Library Home | Institutional Repository

Angoche : (Record no. 195293)

MARC details
000 -LEADER
fixed length control field 00771cam3a220020500 4500
001 - CONTROL NUMBER
control field tmp15392866
003 - CONTROL NUMBER IDENTIFIER
control field UPRA
005 - DATE AND TIME OF LATEST TRANSACTION
control field 20190830115559.0
008 - FIXED-LENGTH DATA ELEMENTS--GENERAL INFORMATION
fixed length control field 950803s1907 po por u
035 ## - SYSTEM CONTROL NUMBER
System control number (Sirsi) r28717
035 ## - SYSTEM CONTROL NUMBER
System control number (UPRA)tmp15392866
040 ## - CATALOGING SOURCE
Transcribing agency UPRA
100 2# - MAIN ENTRY--PERSONAL NAME
Personal name Conto Lupi, Eduardo do.
Linkage A92946.1
245 10 - TITLE STATEMENT
Title Angoche :
Remainder of title breve memoria sobre uma das capitanias-mores do districto de Mocambique.
260 ## - PUBLICATION, DISTRIBUTION, ETC.
Place of publication, distribution, etc. Lisboa :
Name of publisher, distributor, etc. Typographia do Annuario Commercial,
Date of publication, distribution, etc. 1907.
500 ## - GENERAL NOTE
General note At head of title: Ministerio dos Negocios da Marinha e Ultramar, Direccao Geral do Ultramar.
651 #0 - SUBJECT ADDED ENTRY--GEOGRAPHIC NAME
Geographic name Mozambique -- Description and travel.
General subdivision Mozambique -- Description and travel.
Linkage S4212.1
949 ## - LOCAL PROCESSING INFORMATION (OCLC)
a DT465
w lcc
i -31135
m MAIN
t BOOK
l ON-SHELF

No items available.

© 2026 - The University of Zambia Library - Koha v25.11